[Event "Pinneberg-ch"]
[Site "Pinneberg"]
[Date "2016.09.01"]
[Round "1"]
[White "Borchard, Andreas"]
[Black "Tiedjens, Jan Peter"]
[Result "1-0"]
[WhiteElo "1566"]
[BlackElo "809"]
[PlyCount "67"]
[EventDate "2016.09.01"]
[EventType "swiss"]
[EventRounds "7"]
[EventCountry "GER"]
[SourceTitle "EXT 2018"]
[Source "ChessBase"]
[SourceDate "2017.10.13"]
[SourceVersion "1"]
[SourceVersionDate "2017.10.13"]
[SourceQuality "1"]

1. d4 d5 2. Bf4 Nc6 3. e3 e6 4. Nf3 Nf6 5. Be2 Bb4+ 6. c3 Bd6 7. Bg5 h6 8. Bh4 Bd7 9. Nbd2 Ne7 10. Bd3 Nf5 11. Bxf5 exf5 12. Ne5 Be6 13. Qe2 Bxe5 14. dxe5 g5 15. Bxg5 hxg5 16. exf6 Qxf6 17. Qb5+ Bd7 18. Qxd5 c6 19. Qb3 b6 20. 0-0-0 Be6 21. Qa4 b5 22. Qa6 Bc8 23. Qa3 Qe7 24. Qxe7+ Kxe7 25. Nf3 g4 26. Ne5 Be6 27. Nxc6+ Kf6 28. a3 Bb3 29. Rd6+ Kg7 30. Nd4 Bc4 31. Nxf5+ Kf8 32. Rhd1 Be6 33. Rd8+ Rxd8 34. Rxd8# 1-0

[Event "Pinneberg-ch"]
[Site "Pinneberg"]
[Date "2013.09.05"]
[Round "5"]
[White "Luettig, Hendrik"]
[Black "Borchard, Andreas"]
[Result "0-1"]
[WhiteElo "1481"]
[BlackElo "1519"]
[PlyCount "106"]
[EventDate "2013.08.08"]
[EventType "swiss"]
[EventRounds "7"]
[EventCountry "GER"]
[SourceTitle "EXT 2017"]
[Source "ChessBase"]
[SourceDate "2016.10.25"]
[SourceVersion "1"]
[SourceVersionDate "2016.10.25"]
[SourceQuality "1"]

1. e4 c5 2. Nf3 d6 3. Nc3 Nc6 4. d4 cxd4 5. Nxd4 Nf6 6. Be2 e6 7. 0-0 Be7 8. a3 0-0 9. Bc4 a6 10. b4 Nxd4 11. Qxd4 e5 12. Qd1 Qc7 13. Nd5 Qxc4 14. Nxe7+ Kh8 15. f3 Qc7 16. Nf5 Bxf5 17. exf5 Qd7 18. g4 Rac8 19. Bb2 Qc7 20. c3 Rfd8 21. f4 Qb6+ 22. Kg2 Qc6+ 23. Kh3 Nd5 24. Qd2 Nxf4+ 25. Rxf4 exf4 26. Qxf4 Re8 27. f6 g6 28. Rf1 Re2 29. Rf2 Rxf2 30. Qxf2 Qe4 31. Kg3 Re8 32. Bc1 Qd3+ 33. Qf3 Qxf3+ 34. Kxf3 Re1 35. Bf4 d5 36. a4 Re4 37. h4 Rc4 38. Be5 Kg8 39. Bd4 Rc6 40. Kf4 Re6 41. Be5 h6 42. g5 h5 43. Bd4 Re4+ 44. Kg3 Kf8 45. b5 Ke8 46. Kh3 Kd7 47. Kg3 Ke6 48. bxa6 bxa6 49. a5 Kf5 50. Bf2 Ra4 51. Bb6 Ra3 52. Bd4 Rxa5 53. Kf3 Rb5 0-1

[Event "Pinneberg-ch"]
[Site "Pinneberg"]
[Date "2010.10.07"]
[Round "7"]
[White "Schiller, Thomas"]
[Black "Borchard, Andreas"]
[Result "1-0"]
[WhiteElo "1805"]
[BlackElo "1600"]
[PlyCount "61"]
[EventDate "2010.08.26"]
[EventType "swiss"]
[EventRounds "7"]
[EventCountry "GER"]
[SourceTitle "EXT 2011"]
[Source "ChessBase"]
[SourceDate "2010.11.26"]
[SourceVersion "1"]
[SourceVersionDate "2010.11.26"]
[SourceQuality "1"]

1. e4 c5 2. Nf3 Nc6 3. Bb5 d6 4. h3 Bd7 5. 0-0 Nf6 6. Re1 e5 7. c3 a6 8. Bf1 Be7 9. d4 cxd4 10. cxd4 0-0 11. Nc3 b5 12. a3 Qb6 13. Nd5 Qd8 14. Nxe7+ Qxe7 15. Bg5 Ra7 16. d5 Na5 17. Rc1 Rc8 18. Rxc8+ Bxc8 19. Qd2 Nb7 20. b4 Qe8 21. Bxf6 gxf6 22. Rc1 Qf8 23. Rc3 Ra8 24. Nh4 Kh8 25. Be2 a5 26. Bxb5 Rb8 27. Ba6 Nc5 28. bxc5 Bxa6 29. c6 Bc8 30. Rf3 Qg7 31. Qxa5 1-0

[Event "Pinneberg-ch"]
[Site "Pinneberg"]
[Date "2010.09.30"]
[Round "6"]
[White "Borchard, Andreas"]
[Black "Chaichi Tehrani, Fereydoon"]
[Result "1-0"]
[WhiteElo "1600"]
[BlackElo "1269"]
[PlyCount "43"]
[EventDate "2010.08.26"]
[EventType "swiss"]
[EventRounds "7"]
[EventCountry "GER"]
[SourceTitle "EXT 2011"]
[Source "ChessBase"]
[SourceDate "2010.11.26"]
[SourceVersion "1"]
[SourceVersionDate "2010.11.26"]
[SourceQuality "1"]

1. e4 e5 2. Nc3 Nf6 3. f4 d6 4. Bc4 Be7 5. d3 0-0 6. Nf3 Be6 7. Bxe6 fxe6 8. 0-0 exf4 9. Bxf4 e5 10. Bd2 Nbd7 11. Ng5 c6 12. Be3 Qb8 13. d4 exd4 14. Bxd4 c5 15. Bxf6 Nxf6 16. Nd5 Re8 17. Nxf6+ Bxf6 18. Qd5+ Kh8 19. Nf7+ Kg8 20. Nh6+ Kh8 21. Qg8+ Rxg8 22. Nf7# 1-0

[Event "Pinneberg-ch"]
[Site "Pinneberg"]
[Date "2010.09.16"]
[Round "4"]
[White "Borchard, Andreas"]
[Black "Ridinger, Peter"]
[Result "0-1"]
[WhiteElo "1600"]
[BlackElo "2021"]
[PlyCount "56"]
[EventDate "2010.08.26"]
[EventType "swiss"]
[EventRounds "7"]
[EventCountry "GER"]
[SourceTitle "EXT 2011"]
[Source "ChessBase"]
[SourceDate "2010.11.26"]
[SourceVersion "1"]
[SourceVersionDate "2010.11.26"]
[SourceQuality "1"]

1. e4 d6 2. Nc3 g6 3. f4 Bg7 4. Bc4 a6 5. Nf3 b5 6. Bb3 Bb7 7. d3 c5 8. Qe2 Nd7 9. 0-0 e6 10. f5 gxf5 11. exf5 Bxf3 12. Rxf3 e5 13. Rg3 Bf6 14. Qh5 c4 15. dxc4 Nc5 16. cxb5 Nxb3 17. axb3 axb5 18. Rxa8 Qxa8 19. Nxb5 Qc6 20. c4 d5 21. Qe2 Ne7 22. cxd5 Qxc1+ 23. Kf2 Qc5+ 24. Kf1 Nxd5 25. Nc3 Ke7 26. Nxd5+ Qxd5 27. Rd3 Qb5 28. Qc2 e4 0-1

[Event "Pinneberg-ch"]
[Site "Pinneberg"]
[Date "2010.09.02"]
[Round "2"]
[White "Borchard, Andreas"]
[Black "Knaak, Michael"]
[Result "0-1"]
[WhiteElo "1600"]
[BlackElo "1946"]
[PlyCount "36"]
[EventDate "2010.08.26"]
[EventType "swiss"]
[EventRounds "7"]
[EventCountry "GER"]
[SourceTitle "EXT 2011"]
[Source "ChessBase"]
[SourceDate "2010.11.26"]
[SourceVersion "1"]
[SourceVersionDate "2010.11.26"]
[SourceQuality "1"]

1. e4 e6 2. f4 c5 3. Nf3 Nc6 4. Nc3 g6 5. Bc4 Bg7 6. 0-0 Nge7 7. d3 d6 8. Be3 d5 9. exd5 exd5 10. Bxc5 dxc4 11. d4 b6 12. Bxe7 Nxe7 13. Re1 0-0 14. Qe2 Nd5 15. Qxc4 Bb7 16. Ne2 Ne3 17. Qd3 Bxf3 18. Qxe3 Bxe2 0-1

[Event "Pinneberg-ch"]
[Site "Pinneberg"]
[Date "2010.08.26"]
[Round "1"]
[White "Buehrmann, Torsten"]
[Black "Borchard, Andreas"]
[Result "1-0"]
[WhiteElo "1783"]
[BlackElo "1600"]
[PlyCount "83"]
[EventDate "2010.08.26"]
[EventType "swiss"]
[EventRounds "7"]
[EventCountry "GER"]
[SourceTitle "EXT 2011"]
[Source "ChessBase"]
[SourceDate "2010.11.26"]
[SourceVersion "1"]
[SourceVersionDate "2010.11.26"]
[SourceQuality "1"]

1. f4 d5 2. Nf3 Nf6 3. g3 Bf5 4. Bg2 e6 5. 0-0 c5 6. d3 Be7 7. Qe1 0-0 8. Nbd2 Qb6 9. e4 Bg4 10. h3 Bxf3 11. Bxf3 Nc6 12. c3 dxe4 13. dxe4 c4+ 14. Kh2 Qc5 15. e5 Nd5 16. Ne4 Qb6 17. Qe2 Rac8 18. g4 f6 19. exf6 Nxf6 20. Nxf6+ Rxf6 21. g5 Rff8 22. Qxe6+ Kh8 23. Bxc6 Qxc6 24. Qxc6 Rxc6 25. Be3 Bd6 26. Kg3 a6 27. Rad1 Bc5 28. Bc1 Rc7 29. Kg4 Re7 30. Rfe1 Rxe1 31. Rxe1 g6 32. Re4 b5 33. Re6 Rd8 34. Re1 b4 35. cxb4 Bxb4 36. Re4 Rc8 37. Be3 a5 38. a3 c3 39. axb4 c2 40. Bc1 axb4 41. Rxb4 Re8 42. Rc4 1-0